28 High Tide in Hawaii (Record no. 260527)
[ view plain ]
| 000 -LEADER | |
|---|---|
| fixed length control field | 00257nam a22001097a 4500 |
| 020 ## - INTERNATIONAL STANDARD BOOK NUMBER | |
| ISBN | 9780679890706 |
| 100 ## - MAIN ENTRY--AUTHOR NAME | |
| Personal name | Mary Pope Osborne |
| 245 ## - TITLE STATEMENT | |
| Title | 28 High Tide in Hawaii |
| 260 ## - PUBLICATION, DISTRIBUTION, ETC. (IMPRINT) | |
| Place of publication | New York |
| Name of publisher | Random House |
| Year of publication | 2001 |
| 490 ## - SERIES STATEMENT | |
| Series statement | Magic Tree House |
| 942 ## - ADDED ENTRY ELEMENTS (KOHA) | |
| Koha item type | Long Loan Books |
| Withdrawn status | Lost status | Collection code | Home library | Current library | Shelving location | Date acquired | Accession Number | Koha item type |
|---|---|---|---|---|---|---|---|---|
| Fiction | Rongo University Library | Rongo University Library | Children's Area | 28/08/2023 | CL20222799 | Long Loan Books |
